000 00556nam a2200205 a 4500
005 20140412111430.0
008 130521s19uu xx 00 eng d
020 _a9789810177720
050 _aTR(GS 510
_bF66 2008
100 _aFong Ho Kheong
245 _aMy PALS are Here! Maths 1B :
_bworkbook part 1.
250 _a2nd
260 _aSingapore :
_bMarshall Cavendish,
_c2008.
300 _a104
440 _aMy PALS are Here!
500 _areprinted
650 _aMathematics-
_xstudy & teaching.
650 _aMathematics-
999 _c106356
_d106356